| 000 | 00726nam0a22002411 4500 | ||
|---|---|---|---|
| 001 | rc\130745 | ||
| 005 | 20250620201923.0 | ||
| 010 |
_a5-85091-002-6 _910000 |
||
| 035 | _a(NLR Aleph) 005405328 | ||
| 090 |
_a7316564 _c7316564 |
||
| 100 | _a20030307d1992 |||y0rusy50 ca | ||
| 101 | 0 | _arus | |
| 102 | _aRU | ||
| 105 | _aa ||||||||| | ||
| 200 | 1 |
_aМузыкант в пустыне _e[Очерки о природе Приаралья] |
|
| 210 |
_aСПб. _cСтройлеспечать _d1992 |
||
| 215 |
_a91, [2] с. _cил. _d20 |
||
| 700 | 1 |
_aЧимирис _bА.М. _gАнатолий Михайлович |
|
| 801 | 0 |
_aRU _bNLR _gpsbo |
|
| 801 | 1 |
_aRU _bELAR _2rusmarc |
|
| 852 |
_aNLR _j92-4/4584 |
||
| 942 | _cBOOK | ||
| 980 | _aNB | ||